Les 10 départements les plus pauvres de France - Statistiques

Statistiques générales
  • Ce quiz a été pris 150 fois
  • Le résultat moyen est 5 sur 10
Statistiques - réponses
Classement Réponse Taux de pauvreté % Correct
3 Seine-Saint-Denis 17,5%
86%
2 Martinique 18,8%
70%
1 La Réunion 25%
68%
10 Bouches-du-Rhône 11,1%
53%
7 Gard 11,5%
42%
5 Aude 12,3%
38%
9 Hérault 11,4%
37%
4 Haute-Corse 12,6%
35%
6 Pyrénées-Orientales 12%
30%
8 Vaucluse 11,5%
28%
Aucun quiz correspondant
Distribution des résultats
% des personnes avec chaque résultat
Percentile par nombre de réponses
Votre historique - résultats
Vous n’avez pas pris ce quiz